000 00395pam a2200157 a 4500
020 _a1853175633
_c
041 _h
082 _a617.3
_bWUL
100 _aWULKER N., MANSAT M., FU F.H.
245 _aSHOULDER SURGERY : AN ILLUSTRATED TEXT BOOK
_hTextual Documents
250 _a1.
260 _a[s.l]:
_bMARTIN DUNITZ,
_c2001.
300 _a674:
_bX.;
_cHB.
930 _a5519
999 _c800046
_d800046
650 _aORTHO